Позиция: роман; в 4 кн.; Кн. 1; Семнадцать мгновений весны; Приказано выжить

Dades bibliogràfiques
Autor principal: Семенов Ю. С. Юлиан Семенович
Idioma:rus
Publicat: Москва, Международные отношения, 1985
Matèries:
Format: MixedMaterials Llibre
KOHA link:https://koha.lib.tpu.ru/cgi-bin/koha/opac-detail.pl?biblionumber=150148

MARC

LEADER 00000nam0a2200000 4500
001 150148
005 20231031150118.0
020 |a RU  |b 86-14860 
035 |a (RuTPU)RU\TPU\book\162762 
090 |a 150148 
100 |a 20081226g1985 m y0rusy5003 ca 
101 0 |a rus 
102 |a RU 
105 |a c z 000ay 
200 1 |a Позиция  |e роман  |e в 4 кн.  |h Кн. 1  |i Семнадцать мгновений весны; Приказано выжить  |f Ю. С. Семенов 
210 |a Москва  |c Международные отношения  |d 1985 
215 |d 21 см  |a 608 с.  |c портр. 
610 1 |a советская литература 
610 1 |a романы 
610 1 |a разведка 
675 |a Р2  |z rus 
700 1 |a Семенов  |b Ю. С.  |g Юлиан Семенович  |4 070 
801 0 |a RU  |b RuMRKP  |c 19950704  |g psbo 
801 1 |a RU  |b 63413507  |c 20081226  |g PSBO 
801 2 |a RU  |b 63413507  |c 20081226  |g PSBO 
942 |c BK